00385pab a2200133 454500008004000000100001700040245007100057260000900128300001100137362000900148650003600157700001500193773004300208180718b1984 xxu||||| |||| 00| 0 eng d aPrihar, R.S. aImpact of mechanisation on labour employment in Punjab agriculture c1984 a379-87 aJan. aFarm Machinery - India - Punjab aD.S. Sidhu aIndian Journal of Industrial Relations